Obálka Náhled e-knihy:
PDF Epub
Pro půjčování e-knih musíte být přihlášeni.
Jak si půjčit online?

Pomsta /

Temný milostný román svede dohromady mocného finančníka Adama prahnoucího po pomstě a nevinnou dceru muže, který usmrtil Adamovu ženu.

Uloženo v:
Hlavní autor: Velinská, Sara Mia (Autor)
Další autoři: Jarošová, Jitka (Autor)
Médium: E-kniha
Jazyk:Czech
Vydáno: Praha : Baronet, 2025
Vydání:1. vydání
Témata:
Tagy:
Žádné tagy
LEADER 02515nam a2200457 i 4500
001 312662
003 CZ PrSKC
005 20260601215726.0
007 ta
008 250314s2025 xr g 000 f cze
015 |a cnb003676711 
020 |a 9788026925552  |q (vázáno)  |z 978-80-2692-555-2 :  |c Kč 499,00 
035 |a (OCoLC)1514347278 
040 |a ABG001  |b cze  |e rda 
041 1 |a cze  |h slo 
072 7 |a 821.162.4  |x Slovenská literatura  |2 Konspekt 
080 |a 821.162.4-31  |2 MRF 
080 |a (0:82-312.5)  |2 MRF 
100 1 |a Velinská, Sara Mia  |7 xx0330219  |4 aut 
240 1 0 |a Pomsta.  |l Česky 
245 1 0 |a Pomsta /  |c Sara Mia Velinská ; ze slovenského originálu Pomsta přeložila Jitka Jarošová 
250 |a 1. vydání 
264 1 |a Praha :  |b Baronet,  |c 2025 
300 |a 598 stran ;  |c 22 cm 
336 |a text  |b txt  |2 rdacontent 
337 |a bez média  |b n  |2 rdamedia 
338 |a svazek  |b nc  |2 rdacarrier 
500 |a Obálkový podnázev: příběh vášně, moci a vykoupení 
520 2 |a Temný milostný román svede dohromady mocného finančníka Adama prahnoucího po pomstě a nevinnou dceru muže, který usmrtil Adamovu ženu.  |b Úspěšnému finančníkovi Adamovi se zhroutí svět, když při autonehodě zaviněné arogantním podnikatelem přijde o manželku i dítě. Soud viníkovi však uloží jen podmínečný trest, a tak se zdrcený Adam rozhodne vzít spravedlnost do vlastních rukou. K chladnokrevné, dokonale promyšlené odplatě použije své dvě nejsilnější zbraně: peníze a mimořádné charisma. V zaslepení bolestí si ani nevšimne, že mu osud nabízí novou šanci na štěstí... Existuje ještě cesta zpět, nebo mu duši nevratně zatemnila pomsta? Nakladatelská anotace. 
546 |a Český text 
655 7 |a slovenské romány  |7 fd133450  |2 czenas 
655 7 |a milostné romány  |7 fd132840  |2 czenas 
655 9 |a Slovak fiction  |2 eczenas 
655 9 |a love novels  |2 eczenas 
700 1 |a Jarošová, Jitka  |4 trl 
900 |a ABA001  |b 20 
928 9 |a Albatros Media - Baronet 
044 |a xr 
910 |a RBIT002 
998 |d 417692  |a https://core.palmknihy.cz/api/books/417692/cover?ssqv0o  |b https://core.palmknihy.cz/api/books/417692/cover/400?ssqv0o  |c https://core.palmknihy.cz/api/books/417692/cover/50?ssqv0o  |e 2031-12-31  |g 600  |i 9788026925552  |j https://core.palmknihy.cz/api/books/417692/preview.epub  |k https://core.palmknihy.cz/api/books/417692/preview.pdf  |l   |q 49  |r 1  |s https://www.palmknihy.cz/kniha/417692  |t ebook  |y 2025  |z 0 
999 |d 312660